| 000 | 00644nam a2200229Ia 4500 | ||
|---|---|---|---|
| 008 | 160803s9999 xx 000 0 und d | ||
| 020 | _a0 590973134 | ||
| 100 | _aBunnett, Rochelle | ||
| 245 | _aFriends at school / | ||
| 245 | _cby Rochelle Bunnett ; photographs by Matt Brown. | ||
| 260 | _aNew York : | ||
| 260 | _bScholastic Inc. | ||
| 260 | _c1995 | ||
| 300 | _a29 pages : | ||
| 300 | _bcolor illustrations ; | ||
| 300 | _c22 x 27 cm | ||
| 650 | _aChildren with disabilities -- Education (Preschool) -- | ||
| 650 | _aPreschool children -- | ||
| 650 | _xPictorial works. | ||
| 650 | _xPictorial works. | ||
| 700 | _a350 | ||
| 999 |
_c299258 _d299258 |
||